000 01016cad a22002415a 4500
001 E151823
008 101213s2010 xxk f 100 0 eng d
020 _a9781842196199
035 _a(Sirsi) u151823
041 0 _aeng
100 1 _aMadubuko, Lilian N.
111 2 _aConstruction and Building Research Conference
_cDauphine Universite, Paris
_d2-3 September 2010
245 0 0 _aHousing projects in conflict affected region
_bthe enablers and barriers in NGO interaction within Odi community in Nigeria
_h[electronic resource]
260 _aLondon
_bRICS
_c2010
520 _aA paper presented at the COBRA Conference in Paris on 2-3 September 2010.
590 _aKA
650 2 4 _aCONSTRUCTION AND BUILDING RESEARCH CONFERENCE (COBRA)
651 4 _aNigeria
690 _aPROPERTY-RESIDENTIAL PROPERTY-DOMESTIC RESIDENTIAL PROPERTY-HOUSING
700 1 _aIngrige, Bingu
856 4 0 _uhttps://www.rics.org/site/scripts/download_info.aspx?fileID=7827&categoryID=720
_zBroken link - not available
942 _n0
999 _c111648
_d111648